Normal view
MARC view
- وسائل الاتصال الجماهيري-مواقع التوصل الاجتماعي-علم النفس الاجتماعي-التفاعل الاجتماعي-الالعاب الرقمية-الامن القومي
Entry Topical Term
001 - CONTROL NUMBER
- control field: 63443
003 - CONTROL NUMBER IDENTIFIER
- control field: JO-AjAnu
005 - DATE AND TIME OF LATEST TRANSACTION
- control field: 20230606084344.0
008 - FIXED-LENGTH DATA ELEMENTS
- fixed length control field: 230606|| aca||aabn | a|a d
040 ## - CATALOGING SOURCE
- Original cataloging agency: JO-AjAnu
- Transcribing agency: JO-AjAnu
150 ## - HEADING--TOPICAL TERM
- Topical term or geographic name entry element: وسائل الاتصال الجماهيري-مواقع التوصل الاجتماعي-علم النفس الاجتماعي-التفاعل الاجتماعي-الالعاب الرقمية-الامن القومي
670 ## - SOURCE DATA FOUND
- Source citation: Work cat.: (JO-AjAnu)32346: موسى، محمود علي, author 63442, تداعيات الهوية الافتراضية على الامن القومي